书目信息 |
| 题名: |
东方传统
|
|
| 作者: | 李凭 著 | |
| 分册: | ||
| 出版信息: | 北京 中国发展出版社 1999.01 |
|
| 页数: | 222页 | |
| 开本: | 32开 | |
| 丛书名: | ||
| 单 册: | ||
| 中图分类: | G12 | |
| 科图分类: | ||
| 主题词: | 文化事业--中国 | |
| 电子资源: | ||
| ISBN: | 7-80087-259-9 | |
| 000 | 00521nam0 2200193 45 | |
| 001 | 0010281720 | |
| 005 | 20001028174413.2 | |
| 010 | @a7-80087-259-9@d12.80元 | |
| 100 | @a20001028d1999 km y0chiy0120 ea | |
| 101 | 0 | @achi |
| 105 | @a z 000yy | |
| 200 | 1 | @a东方传统@ADong Fang Chuan Tong@f李凭著@FLi Ping Zhu |
| 210 | @a北京@c中国发展出版社@d1999.01 | |
| 215 | @a222页@d32开 | |
| 606 | 0 | @a文化事业@x中国 |
| 690 | @aG12@v3 | |
| 701 | 0 | @a李凭@4著 |
| 801 | @aCN@bPftUser@c20001028 | |
| 905 | @b195264-266@dG12@eL.483@f3 | |
| 东方传统/李凭著.-北京:中国发展出版社,1999.01 |
| 222页;32开 |
| ISBN 7-80087-259-9:12.80元 |
| ● |
| 相关链接 |
|
|
|
正题名:东方传统
索取号:G12/L.483
 
预约/预借
| 序号 | 登录号 | 条形码 | 馆藏地/架位号 | 状态 | 备注 |
| 1 | 195264 | 201952645 | 社科库409/409社科库 56排1列4层/ [索取号:G12/L.483] | 在馆 | |
| 2 | 195265 | 201952654 | 社科库409/409社科库 56排1列4层/ [索取号:G12/L.483] | 在馆 | |
| 3 | 195266 | 201952663 | 社科库409/409社科库 56排1列4层/ [索取号:G12/L.483] | 在馆 |